Innovaciones de la administración: tendencias y estrategias. Los nuevos paradigmas
Guardat en:
| Autor principal: | |
|---|---|
| Format: | Llibre |
| Idioma: | espanyol |
| Publicat: |
Ciudad de México
McGraw-Hill
2010
|
| Edició: | 1a. ed |
| Matèries: | |
| Etiquetes: |
Afegir etiqueta
Sense etiquetes, Sigues el primer a etiquetar aquest registre!
|
MARC
| LEADER | 00000nam a2200000 a 4500 | ||
|---|---|---|---|
| 001 | UCG4889 | ||
| 003 | CL-VaPUC | ||
| 008 | 101216e20100000MX |||||||||||||||||spa|d | ||
| 020 | |a 9786071502896 | ||
| 082 | 0 | 4 | |a 658.001 |b CHI |2 21 |
| 100 | |a Chiavenato, Idalberto |e autor |9 88 | ||
| 245 | 1 | 0 | |a Innovaciones de la administración: tendencias y estrategias. Los nuevos paradigmas |
| 250 | |a 1a. ed | ||
| 300 | |a 396 p | ||
| 942 | |c BK | ||
| 945 | |d 20101216 00:00:00 |a cmena | ||
| 260 | |a Ciudad de México |b McGraw-Hill |c 2010 | ||
| 650 | 0 | |a Administración de empresas |9 260833 | |
| 650 | 0 | |a Cambio social |9 256857 | |
| 650 | 0 | |a Cambio organizacional |9 260741 | |
| 650 | 0 | |a Desarrollo organizacional |9 356124 | |
| 650 | 0 | |a Creatividad |9 310816 | |
| 650 | 0 | |a Planificación estratégica |9 259735 | |
| 583 | |a last modification |c 20101216 00:00:00 |k Rodrigo Vera | ||
| 999 | |c 343489 |d 343487 | ||
| 952 | |0 0 |1 0 |4 0 |6 658_001000000000000_CHI_2010 |7 0 |8 A |9 440823 |a BIBENE |b BIBENE |d 2019-11-22 |i 4742265 |o 658.001 CHI 2010 |p 4742265 |r 2025-01-15 |w 2019-11-22 |y BK |k ICO | ||